|
|
|
|
| LEADER |
00000cam a2200000 7i4500 |
| 001 |
0000032623 |
| 005 |
20120612.0 |
| 008 |
120612 |
| 020 |
|
|
|a 9675102284
|
| 090 |
0 |
0 |
|a 297.1224045
|b MOH
|
| 100 |
0 |
|
|a Mohd. Zamri Mohd. Zainuldin
|
| 245 |
1 |
0 |
|a Mantap mengaji :
|b kaedah al-matien : gabungan kaedah lama & baru
|c Mohd. Zamri Mohd. Zainuldin, Mohd. Wahid Abd.Hanif
|
| 260 |
|
|
|a KL :
|b Telaga Biru ,
|c 2009
|
| 650 |
|
0 |
|a Koran
|x Reading
|
| 650 |
|
0 |
|a Koran
|x Recitation
|
| 700 |
0 |
|
|a Mohd. Wahid Abd.Hanif
|
| 999 |
|
|
|a 0001141273
|b Book
|c Adult Collection
|e Perbadanan Perpustakaan Awam Johor
|
| 999 |
|
|
|a 0001141274
|b Book
|c Adult Collection
|e Perbadanan Perpustakaan Awam Johor
|
| 999 |
|
|
|a 0001141275
|b Book
|c Adult Collection
|e Perbadanan Perpustakaan Awam Johor
|
| 999 |
|
|
|a 0001156068
|b Book
|c Adult Collection
|e Cawangan Bandar Tenggara
|
| 999 |
|
|
|a 0001156070
|b Book
|c Adult Collection
|e Cawangan Tangkak
|
| 999 |
|
|
|a 0001156074
|b Book
|c Adult Collection
|e Cawangan Segamat
|
| 999 |
|
|
|a 0001156075
|b Book
|c Adult Collection
|e Cawangan Pontian
|
| 999 |
|
|
|a 0001156076
|b Book
|c Adult Collection
|e Cawangan Bandar Penawar
|
| 999 |
|
|
|a 0001156077
|b Book
|c Adult Collection
|e Cawangan Mersing
|
| 999 |
|
|
|a 0001156079
|b Book
|c Adult Collection
|e Cawangan Tmn. Ungku Tun Aminah
|